|
|
|
|
| LEADER |
01797nam a2200517 a 4500 |
| 001 |
nkc20051577706 |
| 003 |
CZ PrNK |
| 005 |
20070126171239.0 |
| 007 |
ta |
| 008 |
050804s2005 xr bh g 000 0 cze |
| 015 |
|
|
|a cnb001577706
|
| 020 |
|
|
|a 80-903576-3-6
|q (brož.)
|
| 035 |
|
|
|a (OCoLC)85159968
|
| 040 |
|
|
|a BOA001
|b cze
|d ABA001
|
| 041 |
1 |
|
|a cze
|a eng
|h ger
|
| 072 |
|
7 |
|a 133
|x Ezoterismus. Okultismus
|2 Konspekt
|9 17
|
| 080 |
|
|
|a 2-167.64-79:061.25
|2 MRF
|
| 080 |
|
|
|a 133.4:2-79-853.5
|2 MRF
|
| 080 |
|
|
|a 343.9.02
|2 MRF
|
| 080 |
|
|
|a 327(100)
|2 MRF
|
| 080 |
|
|
|a (049)
|2 MRF
|
| 100 |
1 |
|
|a Ruiter, Robin de
|7 mzk2005294891
|4 aut
|
| 245 |
1 |
0 |
|a 13 satanových rodokmenů :
|b příčina mnoha utrpení a zla na zemi /
|c Robin de Ruiter ; [překlad Jaroslav Juřica]
|
| 246 |
3 |
|
|a Třináct satanových rodokmenů
|
| 260 |
|
|
|a Frýdlant n. Ostr. :
|b J.M. Ráj,
|c c2005
|
| 300 |
|
|
|a 151 s. :
|b mapa, faksim. ;
|c 21 cm
|
| 500 |
|
|
|a Přeloženo z němčiny?
|
| 504 |
|
|
|a Obsahuje bibliografie a bibliografické odkazy
|
| 546 |
|
|
|a Část. anglický text
|
| 650 |
0 |
7 |
|a satanismus
|7 ph125425
|2 czenas
|
| 650 |
0 |
7 |
|a okultní sekty
|7 ph115585
|2 czenas
|
| 650 |
0 |
7 |
|a mezinárodní organizovaná kriminalita
|7 ph122813
|2 czenas
|
| 650 |
0 |
7 |
|a světová politika
|7 ph126325
|2 czenas
|
| 650 |
0 |
9 |
|a Satanism
|2 eczenas
|
| 650 |
0 |
9 |
|a occult sects
|2 eczenas
|
| 650 |
0 |
9 |
|a international organized crime
|2 eczenas
|
| 650 |
0 |
9 |
|a world politics
|2 eczenas
|
| 655 |
|
7 |
|a pojednání
|7 fd133056
|2 czenas
|
| 655 |
|
9 |
|a essays
|2 eczenas
|
| 765 |
0 |
|
|t 13 satanischen Blutlinien
|9 Česky
|
| 910 |
2 |
|
|a BOA001
|b 2-1150.792
|
| 928 |
9 |
|
|a Ráj
|
| 990 |
|
|
|a BK
|
| 995 |
|
|
|a 01
|
| 991 |
|
|
|b 200509
|c NOV
|
| 996 |
6 |
|
|b 2610258334
|c 2-1150.792
|l MZK
|r Sklad / do 1 hodiny
|n 3
|p p.v.
|w 000785018
|u 000010
|a 1
|e BOA001
|j MZK50
|s P
|